Principles of functional analysis /

Guardado en:
Autor Principal: Schechter, Martin.
Formato: Libro
Idioma:English
Publicado: New York : Academic Press, c1971.
Edición:Student ed.
Materias:
Etiquetas: Agregar Etiqueta
Sin Etiquetas, Sea el primero en etiquetar este registro!
LEADER 01012nam a2200229 a 4500
001 MAT.inmabb004411
008 710624s1971####nyu######b####001#0#eng##
005 20130305100155.0
245 1 0 |a Principles of functional analysis /  |c Martin Schechter. 
250 |a Student ed. 
260 |a New York :  |b Academic Press,  |c c1971. 
300 |a xix, 383 p. ;  |c 23 cm. 
504 |a Bibliografía: p. 378-379. 
505 0 |a 1. Basic notions -- 2. Duality -- 3. Linear operators -- 4. The Riesz theory for compact operators -- 5. Fredholm operators -- 6. Spectral theory -- 7. Unbounded operators -- 8. Reflexive Banach spaces -- 9. Banach algebras -- 10. Semigroups -- 11. Hilbert space -- 12. Bilinear forms -- 13. Self-adjoint operators -- 14. Examples and applications. 
510 4 |a MR,  |c 56 #3607 
020 |a 0126227519 
100 1 |a Schechter, Martin. 
650 0 |a Functional analysis. 
084 |a 46-01 (47-01)  |2 msc2000 
010 |a  74127701  
040 |a DLC  |c DLC  |d DLC 
859 |h 46  |i Sc314  |p A-4567  |b BIB. MATEMATICA